00205nam a2200073Ia 4500008004100000100003300041245002000074260003700094170817s9999 xx 000 0 und d aDalvi.Mahananda Chandra.Kant 0aWomen Education bEducational Publishers New Nelhi